000 00540nam a22001937a 4500
003 OSt
005 20251027070432.0
008 251027b |||||||| |||| 00| 0 eng d
020 _a978-971-46-2081-0
040 _aDWCL - Main Lib
_cOC
100 _aBasa,Gil Deon A.
245 _aMath for Critical Thinkers
_cGil Deon A. Basa
300 _a378 pages;
_billustrations;
_c25 cm
490 _aJunior High School series
650 _a1.Algebra
650 _a2.Critical Thinking
650 _a3.Statistics
942 _2ddc
_cBK-0 CIRC
_mRes.
_n0
999 _c5184
_d5184